PROJECT MANAGEMENT A SYSTEMS APPROACH TO (Record no. 24713)
[ view plain ]
| 000 -LEADER | |
|---|---|
| fixed length control field | 00378nam a2200145Ia 4500 |
| 008 - FIXED-LENGTH DATA ELEMENTS--GENERAL INFORMATION | |
| fixed length control field | 240624s9999 xx 000 0 und d |
| 041 ## - LANGUAGE CODE | |
| Language code of text/sound track or separate title | eng |
| 082 ## - DEWEY DECIMAL CLASSIFICATION NUMBER | |
| Classification number | 658.404 KER |
| 100 ## - MAIN ENTRY--PERSONAL NAME | |
| Personal name | KERZNER HAROLD |
| 245 ## - TITLE STATEMENT | |
| Title | PROJECT MANAGEMENT A SYSTEMS APPROACH TO |
| 250 ## - EDITION STATEMENT | |
| Edition statement | (10th ed.) |
| 260 ## - PUBLICATION, DISTRIBUTION, ETC. | |
| Date of publication, distribution, etc. | 2009 |
| Place of publication, distribution, etc. | New Delhi |
| Name of publisher, distributor, etc. | Wiley |
| 300 ## - PHYSICAL DESCRIPTION | |
| Extent | xxiv, : 1094 : p. : cm. ; 26 |
| 365 ## - TRADE PRICE | |
| Currency code | RS |
| Price amount | 33 |
| Withdrawn status | Lost status | Damaged status | Not for loan | Home library | Current library | Shelving location | Date acquired | Source of acquisition | Cost, normal purchase price | Full call number | Barcode | Date last seen | Copy number | Price effective from | Koha item type |
|---|---|---|---|---|---|---|---|---|---|---|---|---|---|---|---|
| IMTN | IMTN | Rack 30-A | 09/24/2015 | VBC | 679.00 | 658.404 KER | 24713 | 06/24/2024 | 1 | 06/24/2024 | Books |